[Event "72nd MNE-ch 2020"]
[Site "Podgorica"]
[Date "2020.09.16"]
[Round "8.1"]
[White "Nikcevic, Nebojsa"]
[Black "Kalezic, Blazo"]
[Result "0-1"]
[WhiteElo "2413"]
[BlackElo "2448"]
[Annotator "TA"]
[PlyCount "86"]
[EventDate "2020.09.11"]
[EventType "swiss"]
[EventCountry "MNE"]
[SourceTitle "playchess.com"]
[Source "ChessBase"]
[SourceQuality "1"]

{[%evp 14,86,24,8,31,13,57,37,35,24,53,49,64,42,54,53,54,0,49,50,62,57,89,84,80,19,24,0,59,29,77,80,115,0,0,0,0,-14,432,431,428,412,390,402,550,546,504,514,487,139,127,133,437,277,274,0,314,0,0,-433,-395,-435,-418,-380,-374,-1252,-1212,-1102,-973,-1347,-1232,-12079,-3548,-12833,-5716]} 1. d4 d5 2. c4 c6 3. Nf3 Nf6 4. Nc3 e6 5. Qd3 dxc4 6. Qxc4 b5 {[%cal Bb7b5,Bb5b4][%mdl 32]} 7. Qd3 Nbd7 8. e4 Qa5 {D43: Semi-Slav: 5 Bg5 h6.} 9. e5 {[#]} Nd5 $146 (9... b4 $5 {[%cal Rb4c3]}) ({Predecessor:} 9... b4 10. Bd2 bxc3 11. Bxc3 Qb6 12. exf6 Nxf6 13. Ne5 Be7 14. Qg3 O-O 15. Bd3 Ba6 16. O-O {½-½ (16) Arutinian,D (2586)-Wirig,A (2456) Pardubice 2008}) 10. Bd2 b4 $1 {[%cal Rb4c3] White is slightly better.} 11. Ne4 Qb6 12. Rc1 a5 13. Qc4 Bb7 14. h4 h6 15. h5 (15. Rh3 $14) 15... f5 16. exf6 gxf6 17. Nc5 $36 {[%mdl 2048] White has the initiative.} Bxc5 18. dxc5 Qc7 19. a3 (19. Be2 $16) 19... f5 $1 $11 20. Qh4 {[%cal Ra3b4]} Rg8 (20... Ne5 $11 21. Be2 Nxf3+ 22. Bxf3 Qe5+ {[%mdl 64] Double Attack} 23. Kd1 Qxb2 24. Bxd5 Rd8 {[%mdl 64] Pin}) 21. Bxh6 Rg4 22. Qh2 Re4+ 23. Be3 (23. Kd2 $16) 23... Nxe3 24. fxe3 Rxe3+ 25. Kf2 (25. Kd2 $5 {[%cal Rh2c7]} f4 26. Re1 $11) 25... f4 $2 {[%mdl 8192]} (25... Qxh2 $11 26. Rxh2 Rb3) 26. h6 $18 O-O-O {Hoping for ...Ne5.} 27. h7 Rh8 28. Qh6 Rxf3+ 29. gxf3 Qe5 {White must now prevent ...Qe3+.} 30. Re1 Qxb2+ 31. Re2 $2 (31. Be2 $1 $18 {is the precise move to win.}) 31... Qd4+ $16 32. Kg2 {Strongly threatening axb4.} Nxc5 $2 {[%mdl 8192]} (32... Ba6 $16) 33. Rh5 Ba6 34. Ree5 $2 ({White has to play} 34. Rf2 $1 $18) 34... Qb2+ $2 {[%mdl 8192]} (34... Bxf1+ $1 $11 {and Black is okay.} 35. Kxf1 Qd1+ 36. Kg2 Qc2+ 37. Kh3 Qd1) 35. Be2 $2 (35. Kh1 $1 $18 Qc1 36. Reg5 Qxf1+ 37. Kh2 Qxf3 38. Rg8+ Kb7 39. Rhg5 Rxh7 40. Qxh7+ Kb6 41. axb4 (41. Rb8+ Bb7 $11) 41... axb4 42. Rb8+ Nb7 43. Qe7 Qe2+ 44. Kh3 Qf3+ 45. Kh2 Qe2+ 46. Kh1 Qf3+ 47. Kh2) 35... Bxe2 $11 36. Qg7 $2 {[%mdl 8192] [#]} (36. Rxc5 $11 Bd3+ 37. Kh1 (37. Kh3 Qe2 $11)) 36... Bd3+ $1 $19 37. Kh3 {[#]} Rxh7 $1 {[%mdl 64] Deflection} 38. Rxh7 {[%cal Rh7h8]} Bf5+ 39. Rxf5 $2 (39. Kh4 Qf2+ 40. Kg5 Bxh7 41. Qf8+ Kd7 42. Rxc5 Qg1+ 43. Kh5 Qg6+ 44. Kh4 Qg3+ {[%mdl 64] Double Attack} 45. Kh5) 39... Qxg7 {Black is clearly winning.} 40. Rxg7 exf5 41. axb4 axb4 {[%cal Ba5b4,Bb4b3][%mdl 32]} 42. Kg2 b3 43. Rh7 Na4 {What a bad dream for White. Accuracy: White = 39%, Black = 59%.} 0-1

[Event "72nd MNE-ch 2020"]
[Site "Podgorica"]
[Date "2020.09.16"]
[Round "8.2"]
[White "Milovic, Jovan"]
[Black "Blagojevic, Dragisa"]
[Result "0-1"]
[WhiteElo "2276"]
[BlackElo "2492"]
[Annotator "TA"]
[PlyCount "56"]
[EventDate "2020.09.11"]
[EventType "swiss"]
[EventCountry "MNE"]
[SourceTitle "playchess.com"]
[Source "ChessBase"]
[SourceQuality "1"]

{[%evp 14,56,-10,-16,-12,-20,-13,-22,0,-18,-14,-29,-35,-89,-77,-81,-79,-85,-27,-27,-27,-24,-25,-50,-49,-47,0,-47,-43,-122,-73,-75,-89,-83,-56,-57,-52,-57,-41,-65,-25,-46,-29,-472,-466]} 1. Nf3 d5 2. g3 g6 3. Bg2 Bg7 4. O-O e5 5. d3 Ne7 6. e4 O-O 7. Nc3 d4 8. Ne2 c5 {A07: Réti Opening: New York and Capablanca Systems.} 9. Nh4 Nbc6 10. f4 f5 {The position is equal.} 11. exf5 Nxf5 12. Nxf5 Bxf5 13. fxe5 {[#]} (13. h3 $1 $15) 13... Qd7 $146 ({Predecessor:} 13... Nxe5 14. Bxb7 Rb8 15. Bg2 Bg4 16. Rxf8+ Qxf8 17. h3 Bf3 18. Qf1 g5 19. Bxg5 Rxb2 {1-0 (42) Boric,E (2292)-Gara,A (2340) Sibenik 2008}) 14. Bf4 Rae8 15. Qd2 Nxe5 ({Black should play} 15... Bh3 $17 16. e6 Qxe6 17. Bxh3 Qxh3) 16. Bxe5 $11 Rxe5 17. Nf4 Rfe8 18. Rf2 Bh6 19. Raf1 R5e7 20. Bd5+ Kg7 {[#] aiming for ...Bxf4.} 21. c4 (21. Bg2 $15) 21... Bh3 22. Bg2 Bxg2 23. Rxg2 Qd6 24. Rgf2 Rf8 25. a3 b6 26. b4 Ref7 27. b5 Kg8 28. Rf3 $2 {[%mdl 8192]} (28. a4 $11 {and White is okay.}) 28... g5 {Accuracy: White = 66%, Black = 78%.} 0-1

[Event "72nd MNE-ch 2020"]
[Site "Podgorica"]
[Date "2020.09.16"]
[Round "8.3"]
[White "Draskovic, Luka"]
[Black "Karisik, Nenad"]
[Result "1/2-1/2"]
[WhiteElo "2472"]
[BlackElo "2106"]
[Annotator "TA"]
[PlyCount "102"]
[EventDate "2020.09.11"]
[EventType "swiss"]
[EventCountry "MNE"]
[SourceTitle "playchess.com"]
[Source "ChessBase"]
[SourceQuality "1"]

{[%evp 13,102,14,7,10,19,15,25,-14,-17,-18,9,2,16,0,0,0,0,0,0,-22,-18,-5,0,0,0,0,0,0,0,0,0,-18,45,-16,18,18,18,0,0,0,0,-30,-28,-33,-29,-14,-24,-22,-14,-12,-15,-66,-20,-80,-71,-364,-320,-453,-450,-475,-535,-646,-637,-622,-595,-1546,-1554,-1516,-1475,-1459,-1353,-1096,0,0,0,-189,-189,-189,-166,-29984,-8,-8,-8,-8,-8,-8,-8,-8,-8,-8,-8]} 1. c4 g6 2. Nc3 Bg7 3. g3 e5 4. Bg2 Ne7 5. e3 d6 6. Nge2 Nbc6 7. d3 Be6 8. Nd5 {A25: English Opening vs King's Indian with ...Nc6 but without early d3.} Qd7 (8... O-O {feels hotter.} 9. O-O Bg4 10. h3 Be6 11. Nec3 Bd7) 9. Rb1 a5 {[#]} 10. Nxe7 $146 {White has an edge.} ({Predecessor:} 10. b3 Bxd5 11. cxd5 Nb4 12. Nc3 e4 13. Nxe4 Nexd5 14. a3 f5 15. Bb2 fxe4 16. axb4 Bc3+ 17. Kf1 O-O 18. Qe2 Bxb2 19. Rxb2 axb4 20. Bxe4 Qh3+ {0-1 (20) Kastek,T (2109)-Stoeber,M (2261) Tegernsee 2017}) 10... Qxe7 11. b3 h5 12. h4 $1 Bf5 13. e4 Bg4 14. f3 Be6 15. Be3 f5 16. exf5 Bxf5 17. O-O O-O 18. Qd2 Qd7 19. Rbd1 Nd4 20. Nxd4 exd4 21. Bg5 a4 22. b4 c5 ({Black should play} 22... Rae8 $11) 23. Rfe1 (23. bxc5 $14 dxc5 24. Rb1) 23... Rfe8 24. bxc5 dxc5 25. Bf4 Rxe1+ 26. Rxe1 Re8 {And now ...Rxe1+ would win.} 27. Bf1 b5 28. cxb5 {Threatens to win with Rxe8+.} Rxe1 29. Qxe1 {Strongly threatening Qa5.} Qxb5 30. Qe2 Qd7 31. Qc2 Be6 32. Be2 ({White should try} 32. a3 $11) 32... Bf8 33. Bd1 (33. a3 $11) 33... a3 $17 34. Bc1 $2 {[%mdl 8192]} (34. Kf2 $17) 34... c4 $1 $19 35. dxc4 (35. Qb1 {keeps fighting.} c3 36. Bb3) 35... d3 36. Qc3 {[#]} Qc7 $1 {[%mdl 512]} 37. Bf4 Qxc4 38. Qf6 {[#] aiming for Be5.} Qc5+ $1 39. Kf1 Bh3+ 40. Ke1 Qg1+ 41. Kd2 Bb4+ 42. Kc1 {[#]} Qc5+ $2 ({Better is} 42... d2+ $1 $19 {[%mdl 512]} 43. Bxd2 Qc5+ 44. Bc3 Bxc3 45. Bb3+ Kh7 46. Qf7+ Bg7+ 47. Kd1 Qg1+ {[%mdl 64] Double Attack} 48. Kd2 Qf2+ 49. Kd1 Bf5) 43. Kb1 $11 {Threatening mate with Bb3+.} Qf5 {( -> ...d2+)} 44. Qd8+ $2 (44. Bb3+ $11 Kh7 45. Qxf5 Bxf5 46. Kc1) 44... Kh7 $19 45. Qc7+ Qd7 46. Qc4 $2 (46. Bb3 $19) 46... Bf5 $2 (46... d2 {mates} 47. Be5 Qf5+ 48. Qc2 Qxe5 49. g4 Kg7 50. f4 Qxf4 51. Qd3 Bxg4 52. Bxg4 Qf6 53. Kc2 Qb2+ {[%mdl 64] Double Attack} 54. Kd1 Qc1+ 55. Ke2 Qe1+ {[%mdl 64] Double Attack} 56. Kf3 d1=Q+ 57. Qxd1 Qxd1+ 58. Kg2 hxg4 59. Kf2 Qf3+ 60. Kg1 Bc5+ 61. Kh2 Qh3#) 47. g4 $1 $132 {[%cal Rg4f5][%mdl 2048] White has counterplay. The position is equal.} (47. Qxb4 {leads to mate.} d2+ 48. Qe4 Bxe4+ 49. fxe4 Qd3+ 50. Bc2 Qf1+ 51. Bd1 Qxd1#) 47... hxg4 48. fxg4 d2+ 49. gxf5 Qxf5+ 50. Qc2 {Hoping for Qxf5.} Qxf4 51. h5 Qf5 {Accuracy: White = 57%, Black = 76%.} 1/2-1/2

[Event "72nd MNE-ch 2020"]
[Site "Podgorica"]
[Date "2020.09.16"]
[Round "8.4"]
[White "Djukic, Nikola"]
[Black "Bujisic, Vlastimir"]
[Result "1-0"]
[WhiteElo "2525"]
[BlackElo "2191"]
[Annotator "TA"]
[PlyCount "84"]
[EventDate "2020.09.11"]
[EventType "swiss"]
[EventCountry "MNE"]
[SourceTitle "playchess.com"]
[Source "ChessBase"]
[SourceQuality "1"]

{[%evp 18,84,39,35,55,54,36,42,100,28,25,33,68,57,89,81,116,125,215,190,210,188,234,223,227,239,235,237,235,175,181,164,248,234,245,250,335,323,406,398,408,390,392,400,390,383,365,372,416,405,452,434,444,425,388,380,339,342,345,302,613,608,599,575,777,756,955,949,930]} 1. e4 e5 2. Nf3 Nf6 3. Nxe5 d6 4. Nf3 Nxe4 5. Nc3 Nxc3 6. dxc3 Be7 7. Bf4 Nc6 8. Qd2 O-O 9. O-O-O Bg4 10. Be2 Bf6 {C42: Petroff Defence: 3 Nxe5 and unusual White 3rd moves.} 11. h3 Bxf3 12. Bxf3 Ne5 (12... Rb8 $14) 13. Be2 (13. Bxb7 $16 Nc4 14. Qd5) 13... Qd7 $11 {[#]} 14. Be3 $146 ({Predecessor:} 14. Kb1 Rfe8 15. g4 Ng6 16. Be3 Re7 17. h4 Rae8 18. g5 Be5 19. Bd3 Nf8 20. h5 {1-0 (30) Buenermann,V (2310)-Mellal,H (1912) Frankfurt 2004}) 14... Qa4 15. Qd5 c6 {Black is on the road to losing.} 16. Rd4 cxd5 17. Rxa4 Nc6 (17... a6 $16 {keeps fighting.} 18. Rd1 b5) 18. Rd1 a6 19. Rxd5 b5 20. Re4 ({Don't play} 20. Rxd6 $6 bxa4 21. Rxc6 a5 $16) 20... Ne7 21. Rxd6 Nf5 22. Rxf6 gxf6 23. Bc5 Rfe8 24. Rg4+ Kh8 (24... Ng7 $142) 25. Bd3 $18 Re5 26. b4 Nh6 27. Rh4 Kg7 28. Bd4 Re6 29. g4 Rh8 30. g5 Ng8 31. Rg4 Kf8 32. Bf5 Rc6 33. Be4 Rc7 34. gxf6 h5 35. Rg5 Rh6 36. Bc5+ Rxc5 37. Rxc5 {[%cal Rc5c8] [#]} ({Don't take} 37. bxc5 Nxf6 38. Bb7 Ne8 $18) 37... Nxf6 {KRB-KRN} 38. Bb7 Rg6 $2 (38... Ne8 39. a4 bxa4) 39. Bxa6 {White is clearly winning.} Ne4 40. Rc8+ Kg7 41. Bxb5 Nxf2 42. a4 Rb6 {Accuracy: White = 87%, Black = 50%.} 1-0

[Event "72nd MNE-ch 2020"]
[Site "Podgorica"]
[Date "2020.09.16"]
[Round "8.5"]
[White "Nikac, Predrag"]
[Black "Tomic, Aleksandar"]
[Result "1/2-1/2"]
[WhiteElo "2312"]
[BlackElo "2373"]
[Annotator "TA"]
[PlyCount "114"]
[EventDate "2020.09.11"]
[EventType "swiss"]
[EventCountry "MNE"]
[SourceTitle "playchess.com"]
[Source "ChessBase"]
[SourceQuality "1"]

{[%evp 13,114,39,48,12,18,15,20,14,12,-11,0,-4,-4,-10,0,-22,-29,-21,0,-23,0,0,26,20,70,0,28,-6,0,-10,0,-13,0,-21,-21,-18,-22,-22,-23,-44,0,0,0,-23,-23,-20,-18,-13,-18,-14,-18,-14,-18,-24,-20,-15,-15,-15,-14,-13,-13,-25,0,0,0,0,0,0,0,0,0,0,0,-3,-3,-17,-17,-32,-32,-34,-20,-20,-9,-25,-25,-60,-28,-32,0,0,0,-39,0,0,0,0,0,-47,-47,-47,-47,-47,-47]} 1. e4 c5 2. Nf3 e6 3. d4 cxd4 4. Nxd4 a6 5. Nc3 b5 6. Bd3 Qb6 7. Nb3 {7.Nf3 injects fresh life into this line.} Qc7 8. a4 {B43: Sicilian: Kan Variation: 5 Nc3.} b4 9. Ne2 Nf6 10. Bf4 {The position is equal.} d6 {[#]} 11. Qd2 $146 ({Predecessor:} 11. c3 Nc6 12. Qd2 Qb7 13. O-O Be7 14. cxb4 Qxb4 15. Qc2 Bd7 16. Bd2 Qb7 17. Na5 Nxa5 18. Bxa5 {½-½ (59) Krakops,M (2518)-Kveinys,A (2496) Mezezers 2000}) 11... Nc6 12. O-O Be7 13. a5 O-O 14. h3 Qb7 15. Ng3 Bd7 16. Be3 Rfc8 17. f4 Be8 18. Qe2 Bf8 19. Nd4 ({Better is} 19. Nd2 $14) 19... Nd7 20. Qg4 Nxd4 21. Bxd4 e5 22. Be3 exf4 23. Bxf4 Ne5 24. Bxe5 dxe5 25. b3 Bd7 26. Qg5 Be6 27. Qxe5 Qd7 {[#] And now ...Bd6 would win.} 28. Qf4 Qd4+ $1 29. Kh1 $1 Bd6 $1 {[%cal Rd6f4]} 30. Nf5 Bxf4 31. Nxd4 Be5 32. Nxe6 {Black must now prevent Nf4.} Bxa1 33. Ng5 Bf6 {[#]} 34. Nxf7 $1 {[%mdl 512]} Kxf7 35. e5 $1 {[%mdl 64] Pin} Rc5 36. exf6 gxf6 $11 {[%mdl 4096] Endgame KRR-KRB} 37. Rf4 Rb8 38. Bxa6 Rxa5 39. Bd3 h5 40. Kg1 Rg5 41. Kf2 Rb6 42. Kf3 Ke6 43. Rh4 Rb7 44. Bc4+ Ke7 45. g4 hxg4+ 46. hxg4 {aiming for Rh7+.} Rb6 47. Rh7+ Kd6 48. Rf7 Kc5 49. Bd3 Re5 50. Rc7+ Rc6 51. Rb7 Rb6 52. Rc7+ Kd6 53. Rf7 Kd5 54. Rd7+ Ke6 55. Rd4 Rc5 {Black is slightly better.} 56. Kf4 Ke7 57. Bf5 Rc7 {Accuracy: White = 87%, Black = 84%.} 1/2-1/2

[Event "72nd MNE-ch 2020"]
[Site "Podgorica"]
[Date "2020.09.16"]
[Round "8.6"]
[White "Djurovic, Peko"]
[Black "Podlesnik, Bogdan"]
[Result "0-1"]
[WhiteElo "2003"]
[BlackElo "2354"]
[Annotator "TA"]
[PlyCount "106"]
[EventDate "2020.09.11"]
[EventType "swiss"]
[EventCountry "MNE"]
[SourceTitle "playchess.com"]
[Source "ChessBase"]
[SourceQuality "1"]

{[%evp 9,106,27,67,48,42,5,8,14,0,-46,-31,-46,-39,-37,-31,-78,-45,-66,-64,-50,-34,-108,-93,-95,-95,-108,-29,-108,-103,-84,-7,-7,0,-9,0,-50,-52,-85,-70,-88,-56,-72,-55,-116,-116,-147,-121,-133,-131,-120,-131,-217,-241,-241,-223,-291,-279,-257,-214,-1173,-1143,-1101,-1121,-1103,-779,-1079,-1032,-2258,-2136,-2844,-985,-12837,-12838,-12838,-12839,-12838,-12839,-12840,-12836,-12839,-12839,-12835,-12832,-12841,-12839,-12843,-12843,-12844,-12844,-12845,-12845,-12847,-12846,-12849,-12850,-12851,-27999,-12851,-27999]} 1. e4 e6 2. d4 d5 3. Nc3 Nc6 4. Nf3 Nf6 5. Bg5 Bb4 6. e5 {Hoping for Bh4. C10: French with 3 Nc3: Unusual Black 3rd moves and 3...dxe4.} h6 7. exf6 (7. Bh4 $5 {[%cal Re5f6]} g5 8. Nxg5 $14) 7... hxg5 8. fxg7 {The position is equal.} Rg8 9. a3 Bxc3+ 10. bxc3 g4 {[#]} 11. Nd2 $146 ({Predecessor:} 11. Ne5 Nxe5 12. dxe5 Qg5 13. Qd4 b6 14. Bb5+ Bd7 15. Bxd7+ Kxd7 16. O-O c5 17. Qa4+ {0-1 (34) Lockwood,A (2327)-Batchelor,P ICCF email 2011}) 11... Rxg7 12. Bb5 Bd7 13. Qe2 Qg5 14. Rb1 Ke7 15. Nf1 ({White should try} 15. O-O $15) 15... Rh8 $1 $17 16. Ne3 Kd8 17. g3 f5 (17... Kc8 $17) 18. Bxc6 (18. Ng2 $1 $11 {remains equal.}) 18... Bxc6 19. Ng2 {[#]} Qe7 (19... e5 $1 $17 {[%mdl 512]}) 20. Nf4 $11 Kc8 21. Qe5 Rh6 22. Kd2 Rgh7 23. h4 gxh3 24. Rbe1 {[%cal Rf4e6]} Bd7 $36 {[%mdl 2048] And now ...h2 would win. Black is more active.} ({Much worse is} 24... Qxa3 $6 {[#]} 25. Rxh3 $1 {[%mdl 512]} Qe7 26. Rxh6 $11) 25. Nxd5 $1 {[%csl Gd5][%cal Re5c7]} Qd6 26. Nf4 {Black continues to play with concentration.} (26. Nf6 $15 Rh8 27. Rh2) 26... h2 $17 27. Qxd6 cxd6 28. c4 b5 29. cxb5 Bxb5 30. c4 (30. f3 $17) 30... Bxc4 $19 31. Rc1 Rc7 32. Ke3 e5 33. dxe5 dxe5 34. Nd3 $2 (34. Ng2) 34... Bxd3 35. Rxc7+ Kxc7 36. Kxd3 {[%mdl 4096] Endgame KR-KR} Kd6 37. Ke3 Kd5 38. Kf3 Kc4 39. Kg2 Kb3 40. f3 Kxa3 41. g4 fxg4 42. fxg4 Kb4 43. Kf3 Rh4 44. Kg3 Rh8 45. g5 Kc5 46. Kg4 e4 47. g6 Kd4 48. Kf5 e3 49. g7 Rg8 50. Kf6 e2 51. Kf7 {[#]} Rxg7+ $1 {[%mdl 512]} 52. Kxg7 Ke3 53. Kf6 Kf3 {Accuracy: White = 45%, Black = 89%.} (53... a5 $19 54. Kf5 a4) 0-1

[Event "72nd MNE-ch 2020"]
[Site "Podgorica"]
[Date "2020.09.16"]
[Round "8.7"]
[White "Vujovic, Savo"]
[Black "Kandic, Milojko"]
[Result "1-0"]
[WhiteElo "2082"]
[BlackElo "1961"]
[Annotator "TA"]
[PlyCount "55"]
[EventDate "2020.09.11"]
[EventType "swiss"]
[EventCountry "MNE"]
[SourceTitle "playchess.com"]
[Source "ChessBase"]
[SourceQuality "1"]

{[%evp 9,55,12,20,23,26,9,23,-35,-16,-20,8,-8,139,70,186,74,328,250,219,254,409,239,256,217,181,159,368,278,266,170,250,253,266,144,134,56,58,66,60,60,425,395,376,378,753,740,839,719]} 1. e4 c6 2. d4 g6 3. Nc3 Bg7 4. Be3 Qb6 5. Qd2 Qxb2 6. Rb1 {B06: Modern Defence.} Qa3 7. Bc4 d6 (7... b5 $5 {[%cal Rb5c4]} 8. Bd3 d6 $11) 8. Nge2 (8. Nf3 $11) 8... Nd7 9. O-O Qa5 10. f4 {[#]} e6 $146 (10... Nb6 $11 {remains equal.} 11. Bd3 f5) ({Predecessor:} 10... Ndf6 11. h3 b5 12. Bd3 a6 13. Qe1 Nd7 14. Bd2 Qd8 15. f5 e5 16. fxe6 fxe6 {1-0 (57) Leser,S (1779)-Stemmler,F (2002) Willingen 2019}) 11. f5 (11. Nb5 $16 Qxd2 12. Nxd6+ {[%mdl 64] Double Attack, Discovered Attack} Ke7 13. Nxc8+ (13. Bxd2 $2 Kxd6 14. f5 gxf5 $19) 13... Rxc8 14. Bxd2) 11... Nb6 {[#]} (11... exf5 $14 12. Nb5 Qxd2 13. Nxd6+ {[%mdl 64] Double Attack} Ke7 14. Nxc8+ (14. Bxd2 $2 Kxd6 15. exf5 Ngf6 $19) 14... Rxc8 15. Bxd2 b5) 12. Bd3 (12. fxg6 $1 $18 {and White stays clearly on top.} f5 13. Bd3) 12... d5 $2 {[%mdl 8192]} (12... e5 $16) 13. fxe6 Bxe6 14. exd5 cxd5 $2 (14... Nxd5 15. Nxd5 Qxd2 16. Bxd2 Bxd5) 15. Bb5+ (15. Rb5 $142 Qa3 16. Rc5) 15... Kf8 $18 16. Nf4 Bf5 17. Bd3 {Strongly threatening Rb5.} ({Worse is} 17. Nfxd5 Nxd5 18. Nxd5 Qxd2 $11) ({Stronger than} 17. Ncxd5 Qxd2 18. Bxd2 Nxd5 $11) 17... Bd7 $2 (17... Ne7 $16 {was called for.}) 18. Bxg6 hxg6 19. Nxg6+ {[%mdl 64] Double Attack} Ke8 20. Bg5 ({Not} 20. Nxh8 Bxh8 21. Qf2 Be6 $14) 20... Rh6 21. Rbe1+ (21. Bxh6 $18 Nxh6 22. Qg5 Bxd4+ 23. Kh1) 21... Be6 $16 22. Qf4 $40 {[%mdl 128] White is up to no good.} (22. Nf4 $16 {Threatens to win with Qd3.} Qb4 23. Kh1 Bxd4 24. Nxe6 Rxe6 {[#]} 25. Qf4 $1 {[%mdl 512]}) 22... Bf6 $1 $14 23. Bxh6 Qxc3 24. Bg7 Qxd4+ $2 {[%mdl 8192]} ({Better is} 24... Nd7 $1 $14) 25. Qxd4 $18 Bxd4+ 26. Bxd4 Nc4 $2 {[#]} (26... Rc8 27. Nf4 Kd7) 27. Rxe6+ $1 {[%mdl 512]} fxe6 28. Rf8+ {[%mdl 64] Double Attack. Accuracy: White = 46%, Black = 37%.} 1-0

[Event "72nd MNE-ch 2020"]
[Site "Podgorica"]
[Date "2020.09.16"]
[Round "8.8"]
[White "Pecurica, Milos"]
[Black "Alivodic, Dario"]
[Result "1-0"]
[WhiteElo "2359"]
[BlackElo "2103"]
[Annotator "TA"]
[PlyCount "51"]
[EventDate "2020.09.11"]
[EventType "swiss"]
[EventCountry "MNE"]
[SourceTitle "playchess.com"]
[Source "ChessBase"]
[SourceQuality "1"]

{[%evp 14,51,31,25,33,36,22,17,33,19,31,12,69,29,34,25,37,-20,0,0,56,32,54,12,205,197,188,191,200,190,317,322,273,210,547,558,615,591,29996,29997]} 1. e4 e6 2. d4 d5 3. exd5 exd5 4. Nf3 Nf6 5. Bd3 c5 6. O-O c4 7. Re1+ Be7 8. Bf1 O-O {C01: French: Exchange Variation.} 9. b3 cxb3 10. axb3 Nc6 {The position is equal.} 11. h3 Ne4 12. c4 {[#]} Bb4 $146 (12... Be6 $11) ({Predecessor:} 12... Be6 13. Bf4 Bh4 14. g3 Bf6 15. Ne5 Qc8 16. cxd5 Bxd5 17. Bg2 Qf5 18. Qe2 Nxd4 {0-1 (31) Ortega Villa,A (1614)-Salvatierra Alzorriz,H (1598) Pamplona 2017}) 13. Re3 {Hoping for cxd5.} Bf5 14. cxd5 Qxd5 15. Bc4 (15. Bb2 $1 $14) 15... Qd7 16. Bb2 Rfe8 (16... Rad8 $11) 17. Na3 $1 $14 {[%cal Bb1a3,Ba3c2,Bc2e3][%mdl 32] Threatens to win with d5.} Rad8 18. Nc2 $36 {[%mdl 2048] White is more active.} Bc5 $2 {This move loses the game for Black.} (18... Be7 $11) 19. Qe2 $18 Bb6 {[#]} 20. d5 $1 {[%cal Rd5c6]} Bxe3 21. Nxe3 ({Not} 21. Qxe3 Nb8 $14) 21... Nd6 (21... Bg6 {was necessary.} 22. dxc6 Qxc6) 22. dxc6 bxc6 23. Rd1 Qb7 $2 {[#]} (23... Bg6 {is a better chance.} 24. Qe1 Kh8) 24. Bxg7 $1 {[%mdl 512]} Kxg7 {[#]} 25. Rxd6 $1 {[%mdl 512]} Rxe3 (25... Rxd6 26. Nxf5+) 26. Qb2+ {Accuracy: White = 82%, Black = 39%.} 1-0

[Event "72nd MNE-ch 2020"]
[Site "Podgorica"]
[Date "2020.09.16"]
[Round "8.9"]
[White "Popadic, Dragan"]
[Black "Musovic, Armin"]
[Result "1/2-1/2"]
[WhiteElo "2171"]
[BlackElo "2207"]
[Annotator "TA"]
[PlyCount "57"]
[EventDate "2020.09.11"]
[EventType "swiss"]
[EventCountry "MNE"]
[SourceTitle "playchess.com"]
[Source "ChessBase"]
[SourceQuality "1"]

{[%evp 12,57,0,0,-8,-8,0,0,0,-8,-4,-2,-16,-12,-12,-8,-6,-13,0,-6,-7,-11,0,0,0,0,-7,-5,0,0,6,0,0,0,0,0,0,0,10,10,10,6,24,0,16,14,11,0]} 1. e4 c6 2. d4 d5 3. Nd2 dxe4 4. Nxe4 Nf6 5. Ng3 e5 6. Nf3 exd4 7. Qxd4 Qxd4 {B15: Caro-Kann: 3 Nc3: 3...g6 and 3...dxe4 4 Nxe4 Nf6 5 Nxf6+ exf6.} 8. Nxd4 Bc5 9. Nb3 Bb6 10. Be2 O-O 11. O-O Re8 12. Bg5 Nbd7 13. Rad1 h6 14. Bc1 a5 {[#]} 15. Nd4 $146 ({Predecessor:} 15. Rfe1 a4 16. Nd4 Nc5 17. h3 a3 18. b3 Ba5 19. Bd2 Bxd2 20. Rxd2 Nd5 21. c4 {1-0 (31) Nikac,P (2340)-Musovic,A (2265) Podgorica 2018}) 15... Nc5 16. Bf3 Bg4 17. Bxg4 Nxg4 18. h3 Nf6 19. Ndf5 Nce4 20. Nxe4 Rxe4 21. Be3 Bxe3 22. Nxe3 a4 23. Rd3 Rae8 24. Rfd1 b5 25. Kf1 R4e6 26. Rd8 Ne4 (26... Kf8 $5) 27. a3 g6 28. Rxe8+ Rxe8 29. Rd7 {A rather calm draw. Accuracy: White = 100%, Black = 100%.} 1/2-1/2

[Event "72nd MNE-ch 2020"]
[Site "Podgorica"]
[Date "2020.09.16"]
[Round "8.10"]
[White "Koljevic, Nikolina"]
[Black "Milovic, Aleksandra"]
[Result "1-0"]
[WhiteElo "1870"]
[BlackElo "2198"]
[Annotator "TA"]
[PlyCount "59"]
[EventDate "2020.09.11"]
[EventType "swiss"]
[EventCountry "MNE"]
[SourceTitle "playchess.com"]
[Source "ChessBase"]
[SourceQuality "1"]

{[%evp 19,59,0,34,42,50,41,102,100,132,123,133,144,169,140,128,107,117,114,198,204,183,198,212,202,339,333,321,269,274,261,272,275,260,272,654,227,657,656,29978,29979,29993,29994]} 1. e4 c5 2. Nf3 e6 3. d4 cxd4 4. Nxd4 Nf6 5. Nc3 d6 6. g3 Be7 7. Bg2 O-O 8. O-O Nc6 9. Nxc6 bxc6 10. e5 Nd5 11. exd6 {B80: Sicilian Scheveningen: 6 g3 and 6 Be3, including English Attack.} Bxd6 12. Ne4 Be7 (12... Ba6 $14) 13. c4 $16 {White is better.} Nb4 {[#]} 14. Qa4 $1 Qc7 15. Rd1 {[#]} Bb7 $146 ({Predecessor:} 15... a5 16. Be3 f5 17. Nc5 e5 18. a3 f4 19. axb4 fxe3 20. fxe3 Bxc5 21. bxc5 Rb8 22. Qxc6 Qxc6 23. Bxc6 Rxb2 {1-0 (28) Farkas,T (2275)-Papp Zoltan,C (2310) Szeged 1998}) 16. a3 Na6 17. Be3 f5 18. Ng5 Rf6 (18... Bxg5 $16 {might work better.} 19. Bxg5 e5) 19. b4 $18 h6 20. Nf3 e5 21. c5 g5 (21... Nb8 $142 22. Qc2 a5) 22. Qb3+ Kf8 23. Bxg5 hxg5 24. Nxg5 {Ne6+ is the strong threat.} Bc8 25. Nh7+ {[%mdl 64] Double Attack} Kg7 26. Nxf6 Kxf6 $2 (26... Bxf6 27. Rd6 e4) 27. Qc4 $2 (27. Qg8 Bb7 28. Qh7) 27... Nb8 $2 (27... Kg7 28. Bf3 Bf8) 28. Qg8 Be6 29. Qh8+ Kg6 {[#]} 30. Bf3 $1 {Accuracy: White = 75%, Black = 26%.} 1-0